Anagrammes d'états et capitales américaines - Statistiques

Statistiques générales
  • Ce quiz a été pris 82 fois
  • Le résultat moyen est 9 sur 22
Statistiques - réponses
Hint Réponse % Correct
HAUT Utah
97%
SEXTA Texas
91%
MORVENT Vermont
74%
MENAI Maine
73%
ORONGE Oregon
73%
ECORNIFLAI Californie
67%
NOMINATES Minnesota
62%
KONJACS Jackson
46%
VENDRE Denver
42%
LAMES Salem
38%
FANATES Santa Fe
36%
PRIERE Pierre
32%
OBEIS Boise
28%
RACONTAMES Sacramento
27%
ANHELE Helena
24%
USINAT Austin
18%
CLASHERONT Charleston
18%
MENDOISES Des Moines
18%
TRONENT Trenton
18%
LINSANG Lansing
14%
INTEMPOREL Montpelier
14%
DOMINAS Madison
13%
Aucun quiz correspondant
Distribution des résultats
% des personnes avec chaque résultat
Percentile par nombre de réponses
Votre historique - résultats
Vous n’avez pas pris ce quiz